Faculty of Law Library — Cairo University

Official Online Catalog

Des Conflits De Juridiction Relatifs Aux Sociétés en Droit Égyptien / (Record no. 46966)

MARC details
000 -LEADER
fixed length control field 01077nam a22003137i 4500
003 - CONTROL NUMBER IDENTIFIER
control field EG-GICUC
005 - DATE AND TIME OF LATEST TRANSACTION
control field 20260121101400.0
008 - FIXED-LENGTH DATA ELEMENTS--GENERAL INFORMATION
fixed length control field 251129s1938 us ||||fr|||| 00| 0 fre d
040 ## - CATALOGING SOURCE
Original cataloging agency EG-GiCUC
Language of cataloging fre
Transcribing agency EG-GiCUC
Modifying agency EG-GiCUC
Description conventions Rda
041 ## - LANGUAGE CODE
Language code of text/sound track or separate title fre
082 04 - DEWEY DECIMAL CLASSIFICATION NUMBER
Edition number 21
Classification number 341.84
Item number AR . C
092 04 - LOCALLY ASSIGNED DEWEY CALL NUMBER (OCLC)
Edition number 21
099 ## - LOCAL FREE-TEXT CALL NUMBER (OCLC)
Classification number Law1 12 341.84 AR . C 1938
100 1# - MAIN ENTRY--PERSONAL NAME
Personal name Arminjon, P.
Relator term Auteur
245 14 - TITLE STATEMENT
Title Des Conflits De Juridiction Relatifs Aux Sociétés en Droit Égyptien /
Statement of responsibility, etc. P. Arminjon.
264 #1 - PRODUCTION, PUBLICATION, DISTRIBUTION, MANUFACTURE, AND COPYRIGHT NOTICE
Place of production, publication, distribution, manufacture LE Caire :
Name of producer, publisher, distributor, manufacturer Imprimerie de l’Institut français,
Date of production, publication, distribution, manufacture, or copyright notice 1938.
300 ## - PHYSICAL DESCRIPTION
Extent 47 page ;
Dimensions 24 cm..
336 ## - CONTENT TYPE
Source rda contenu
Content type term texte
337 ## - MEDIA TYPE
Source rda medias
Media type term Ordinateur
338 ## - CARRIER TYPE
Source transporteur rda
Carrier type term Ressource en ligne
500 ## - GENERAL NOTE
General note EXTRAIT DE L'EGEPTE CONTEMPORAINE, T. II, P. 229 - 275
504 ## - BIBLIOGRAPHY, ETC. NOTE
Bibliography, etc. note Références bibliographiques
546 ## - LANGUAGE NOTE
Language note Texte en français
650 14 - SUBJECT ADDED ENTRY--TOPICAL TERM
Topical term or geographic name entry element Conflit de lois
General subdivision Droit international privé
Source of heading or term qrmak
651 1# - SUBJECT ADDED ENTRY--GEOGRAPHIC NAME
Source of heading or term qrmak
856 40 - ELECTRONIC LOCATION AND ACCESS
Uniform Resource Identifier <a href="https://fll.law.cu.edu.eg/fulltext/bks/B12-00846.pdf">https://fll.law.cu.edu.eg/fulltext/bks/B12-00846.pdf</a>
905 ## - Cataloger and Reviser Names
Cataloger Name: Rawan khaled
Revisor Name: Yara
942 ## - ADDED ENTRY ELEMENTS (KOHA)
Source of classification or shelving scheme Dewey Decimal Classification
Koha item type Books
Edition 21
Suppress in OPAC No
Holdings
Withdrawn status Lost status Source of classification or shelving scheme Damaged status Not for loan Collection Home library Current library Date acquired Total checkouts Full call number Barcode Date last seen Copy number Price effective from Koha item type
    Dewey Decimal Classification   Not for loan القانون الدولي الخاص جــــامعة القــاهرة مكتبة كلية الحقوق - المبنى الرئيسي 29.11.2025   Law1 12 341.84 A R . C 1938 1200846 C1 B12-00846 29.11.2025 1 29.11.2025 Books
    Dewey Decimal Classification   Not for loan القانون الدولي الخاص جــــامعة القــاهرة مكتبة كلية الحقوق - المبنى الرئيسي 20.12.2025   Law1 12 341.84 AR . C 1938 1201668 C2 B12-01668 20.12.2025 2 20.12.2025 Books

© All rights reserved — Faculty of Law, Cairo University